The secret language of business : How to read anyone in 3 seconds or less

The Secret Language of Business reveals the secrets of body language and nonverbal communication. Successful professionals need more than just good communication skills, you also need the ability to interpret the nonverbal signals that everyone displays. You’ll learn how to master and manipulate you...

全面介紹

Đã lưu trong:
書目詳細資料
主要作者: Hogan, Kevin
格式: 圖書
語言:Undetermined
出版: Hoboken, N.J John Wiley & Sons 2008
主題:
標簽: 添加標簽
沒有標簽, 成為第一個標記此記錄!
Thư viện lưu trữ: Trung tâm Học liệu Trường Đại học Cần Thơ
LEADER 01225nam a2200217Ia 4500
001 CTU_156007
008 210402s9999 xx 000 0 und d
020 |c 24.95 
082 |a 153.69 
082 |b H714 
100 |a Hogan, Kevin 
245 4 |a The secret language of business : 
245 0 |b How to read anyone in 3 seconds or less 
245 0 |c Kevin Hogan 
260 |a Hoboken, N.J 
260 |b John Wiley & Sons 
260 |c 2008 
520 |a The Secret Language of Business reveals the secrets of body language and nonverbal communication. Successful professionals need more than just good communication skills, you also need the ability to interpret the nonverbal signals that everyone displays. You’ll learn how to master and manipulate your own body language, read the body language of others, and influence people through your new skills and perception. No matter what business you’re in, this is a valuable guide to achieving more in life and business. 
650 |a Body language,Nonverbal communication in the workplace,Ngôn ngữ cơ thể,Phi ngôn ngữ giao tiếp tại nơi làm việc 
904 |i Năm, Dinh Thu 
980 |a Trung tâm Học liệu Trường Đại học Cần Thơ